000 00990nam0a22002531 4500
001 rc\4220298
005 20250612021013.0
021 _aRU
_b[60-55189]
035 _a(NLR Aleph) 008458311
090 _a7853016
_c7853016
100 _a20130416d1960 |||y0rusy50 ca
101 0 _arus
102 _aRU
105 _ay z |||||
200 1 _aИстория физики
_eМетод. пособие для учителей и студентов-заочников
_fГл. упр. высш. и сред. пед. учеб. заведений М-ва просвещения РСФСР. Моск. гос. заоч. пед. ин-т
210 _aМосква
_cУчпедгиз
_d1960
215 _a208 с.
_d20
606 _aФизика
_xИстория
_jМетодические пособия
_2psbo
700 1 _aАгабабов
_bХ.А.
_gХачатур Артемьевич
801 0 _aRU
_bNLR
_gpsbo
801 1 _aRU
_bELAR
_2rusmarc
852 _aNLR
_j60-3/3872
942 _cBOOK
980 _aNB